From aid to re-colonization: lessons of a failure (Record no. 350621)

000 -LEADER
fixed length control field 00400cam a22001337a 4500
008 - FIXED-LENGTH DATA ELEMENTS--GENERAL INFORMATION
fixed length control field 180718b1973 xxu||||| |||| 00| 0 eng d
082 ## - DEWEY DECIMAL CLASSIFICATION NUMBER
Classification number T000 M522
100 ## - MAIN ENTRY--PERSONAL NAME
Personal name Mende, Tinor
245 ## - TITLE STATEMENT
Title From aid to re-colonization: lessons of a failure
Statement of responsibility, etc. by Tinor Mende
260 ## - PUBLICATION, DISTRIBUTION, ETC.
Place of publication, distribution, etc. New York
Name of publisher, distributor, etc. Pantheon Books
Date of publication, distribution, etc. 1973
300 ## - PHYSICAL DESCRIPTION
Extent 317p.
650 ## - SUBJECT ADDED ENTRY--TOPICAL TERM
Topical term or geographic name entry element International economic relations
650 ## - SUBJECT ADDED ENTRY--TOPICAL TERM
Topical term or geographic name entry element Economic assistance
Holdings
Withdrawn status Lost status Damaged status Not for loan Permanent Location Current Location Date acquired Full call number Barcode Date last seen Price effective from Koha item type
        Indian Institute of Public Administration Indian Institute of Public Administration 1993-11-08 T000 M522 48829 2018-07-21 2018-07-21 Book

Powered by Koha